Conferencia pronunciada por Teodoro Sainz y Rueda el día 5 de marzo de 1892 : (Record no. 187954)

MARC details
000 -LEADER
campo de control de longitud fija 00748nam a2200193 i 4500
001 - NÚMERO DE CONTROL
campo de control 187954
003 - IDENTIFICADOR DE NÚMERO DE CONTROL
campo de control ES-MaACL
005 - FECHA Y HORA DE LA ÚLTIMA TRANSACCIÓN
campo de control 20250603182318.0
008 - DATOS DE LONGITUD FIJA--INFORMACIÓN GENERAL
campo de control de longitud fija 180402s1892 sp |||| | spa d
100 1# - ENTRADA PRINCIPAL--NOMBRE DE PERSONA
Nombre de persona Sainz y Rueda, Teodoro.
9 (RLIN) 164472
245 10 - MENCIÓN DEL TÍTULO
Título Conferencia pronunciada por Teodoro Sainz y Rueda el día 5 de marzo de 1892 :
Resto del título [los economistas].
260 ## - PUBLICACIÓN, DISTRIBUCIÓN, ETC.
Lugar de publicación, distribución, etc. [S.l. :
Nombre del editor, distribuidor, etc. s.n.],
Fecha de publicación, distribución, etc. 1892 (
Lugar de fabricación/manufactura Madrid :
Fabricante Estab. Tip. de "El Liberal")
300 ## - DESCRIPCIÓN FÍSICA
Extensión 23 p. ;
Dimensiones 23 cm.
594 ## - Nota al título y mención de responsabilidad
Nota al título y mención de responsabilidad Precede al tít.: Círculo de la Unión Mercantil e Industrial.
651 #7 - PUNTO DE ACCESO ADICIONAL DE MATERIA--NOMBRE GEOGRÁFICO
Nombre geográfico España-
Subdivisión general Política comercial-
Subdivisión cronológica S.XIX
Fuente del encabezamiento o término
9 (RLIN) 172067
710 2# - ENTRADA AGREGADA--NOMBRE DE ENTIDAD CORPORATIVA
Nombre de entidad corporativa o nombre de jurisdicción como elemento de entrada Círculo de la Unión Mercantil e Industrial (Madrid)
9 (RLIN) 2827
852 ## - LOCALIZACIÓN
Ubicación ES-MaACL
Número de control de estantería F-13197(7)
Holdings
Estatus retirado Estado de pérdida Estado de daño No para préstamo Colección Biblioteca de origen Biblioteca actual Ubicación en estantería Fecha de adquisición Fuente de adquisición Total de préstamos Signatura topográfica completa Código de barras Visto por última vez Precio de reemplazo Tipo de ítem Koha
        Libros del s. XIX Biblioteca del Ateneo de Madrid Biblioteca del Ateneo de Madrid Sala Pecera Planta 2 02/04/2018     F-13197(7) 1198606 23/02/2023 23/02/2023 Libro impreso antiguo